000 00335nam a2200145Ia 4500
008 230711s9999||||xx |||||||||||||| ||und||
041 _aENG
082 _a720
_bSI-S
100 _aSign Communication
245 0 _aSign communication
250 _a1st
260 _c1989
_aNew York
_bPC Publication
650 _aArchitecture
942 _cBK
999 _c386
_d386